| Tag |
First Indicator |
Second Indicator |
Subfields |
| LEADER |
00000cam a22000008a 4500 |
| 001 |
in00000017055 |
| 005 |
20151007053352.0 |
| 008 |
870723s1988 cau b 00110ceng |
| 010 |
|
|
|a 87019161
|
| 020 |
|
|
|a 0520061101 (alk. paper)
|
| 035 |
|
|
|a (OCoLC)16404028
|
| 035 |
|
|
|9 AAB1404AM
|
| 040 |
|
|
|a DLC
|c DLC
|d TXA
|d UtOrBLW
|
| 043 |
|
|
|a n-us---
|
| 049 |
|
|
|a TXAM
|c [A11048123]
|
| 050 |
0 |
0 |
|a KF8744
|b .B87 1988
|
| 082 |
0 |
|
|a 347.73/14/089924
|a 347.30714089924
|2 19
|
| 100 |
1 |
|
|a Burt, Robert,
|d 1939-
|
| 245 |
1 |
0 |
|a Two Jewish justices :
|b outcasts in the promised land /
|c Robert A. Burt.
|
| 263 |
|
|
|a 8808
|
| 264 |
|
1 |
|a Berkeley :
|b University of California Press,
|c [1988]
|
| 264 |
|
4 |
|c ©1988
|
| 300 |
|
|
|a 165 pages
|
| 336 |
|
|
|a text
|b txt
|2 rdacontent
|
| 337 |
|
|
|a unmediated
|b n
|2 rdamedia
|
| 338 |
|
|
|a volume
|b nc
|2 rdacarrier
|
| 504 |
|
|
|a Includes bibliographical references and index.
|
| 600 |
1 |
0 |
|a Brandeis, Louis Dembitz,
|d 1856-1941.
|
| 600 |
1 |
0 |
|a Frankfurter, Felix,
|d 1882-1965.
|
| 650 |
|
0 |
|a Jewish judges
|z United States
|x Biography.
|
| 650 |
|
0 |
|a Judges
|z United States
|v Biography.
|
| 999 |
|
|
|a MARS
|
| 999 |
f |
f |
|s 21da6b11-8e0f-3464-97dd-7b39d56ff70a
|i 4129f506-b126-312c-a9b8-c518123a5ee4
|t 0
|
| 952 |
f |
f |
|p ric
|a Texas A&M University
|b Rellis Campus
|c Joint Library Facility
|d Remote Storage
|t 0
|e KF8744 .B87 1988
|h Library of Congress classification
|i unmediated -- volume
|m A14811048123
|
| 998 |
f |
f |
|a KF8744 .B87 1988
|t 0
|l Remote Storage
|